Statistiken für Primera Divisió (Andorra) Top 4

Klicken Sie hier um das Quiz zu spielen!

Allgemein

  • Dieses Quiz wurde 12 mal gespielt
  • Das Durchschnittsergebnis liegt bei 3 aus 13

Antwortstatistiken

Antwort% Korrekt
Veterans d'Andorra
100%
Inter Club d'Escaldes
33%
Atlètic Club d’Escaldes
25%
UE Sant Julià
25%
FC Santa Coloma
17%
UE Santa Coloma
17%
CE Principat
8%
Constel·lació Esportiva
8%
FC Aldosa
8%
FC Encamp
8%
FC Lusitanos
8%
FC Rànger’s
8%
UE Engordany
8%

Verteilung der Resultate

Perzentil nach korrekt beantworteten Fragen

Anzahl Personen mit jedem Resultat

Ihre Resultats-Entwicklung

Sie haben dieses Quiz noch nicht gespielt